|
|
|
|
| LEADER |
00000nab a2200000ua 4500 |
| 001 |
vtls010773731 |
| 003 |
SK-MaSNL |
| 005 |
20260303123403.0 |
| 008 |
230214s1936 xo |||||||||||||||||slo| |
| 035 |
|
|
|a (urnnbn)urn:nbn:sk:snk:ar-a03kzk
|
| 035 |
|
|
|a (uuid)a7298c00-12b2-44a0-b75e-9302df5698d5
|
| 035 |
|
|
|a urn:nbn:sk:snk-ab5cdd
|
| 040 |
|
|
|a SNKBUCL
|b slo
|c SNKBUCL
|e AACR2
|
| 041 |
0 |
|
|a slo
|
| 044 |
|
|
|a xo
|c SK
|
| 100 |
1 |
|
|a Pajtáš, Jozef,
|d 1900-1960
|4 aut
|9 167897
|
| 245 |
1 |
0 |
|a Herpes rohovky
|b (Klinika, etiologia, patogeneza a štatistika.)
|c Jožo Pajtáš
|
| 773 |
0 |
|
|t Bratislavské lekárske listy
|g Roč. 16, č. 2 (1936), s. [49]-59
|
| 954 |
|
|
|a odborná, vedecká literatúra pôvodná (slovenská)
|2 lita
|
| 958 |
|
|
|a OND
|
| 958 |
|
|
|a EUIPO
|
| 958 |
|
|
|a article3
|
| 999 |
|
|
|c 1925571
|d 1927501
|